000
00328nam a2200133Ia 4500
008
231017s9999 xx 000 0 und d
082
_a
624.1762
082
_b
LAL
245
0
_a
Density and Disasters: Economics of Urban Hazard Risk
245
4
_c
The World Bank
260
_b
The World Bank
300
_c
30cm
942
_c
REP
999
_c
603894
_d
603894